[Event "Marianske Lazne Seniors op"]
[Site "Marianske Lazne"]
[Date "2013.01.23"]
[Round "6"]
[White "Koutecky, Jiri"]
[Black "Rosendorf, Oldrich"]
[Result "1/2-1/2"]
[WhiteElo "1746"]
[BlackElo "1581"]
[PlyCount "30"]
[EventDate "2013.01.18"]
[EventType "swiss"]
[EventRounds "9"]
[EventCountry "CZE"]
[SourceTitle "EXT 2014"]
[Source "ChessBase"]
[SourceDate "2013.11.20"]
[SourceVersion "1"]
[SourceVersionDate "2013.11.20"]
[SourceQuality "1"]

1. d4 d6 2. c4 c6 3. Nf3 Nf6 4. h3 g6 5. b3 Bg7 6. Bb2 0-0 7. Nbd2 Nbd7 8. e4 Qc7 9. Bd3 e5 10. 0-0 Re8 11. Re1 Qd8 12. Bb1 Nh5 13. Re3 Nf8 14. dxe5 dxe5 15. Nf1 Qc7 1/2-1/2

[Event "Marianske Lazne Seniors op"]
[Site "Marianske Lazne"]
[Date "2013.01.22"]
[Round "5"]
[White "Rosendorf, Oldrich"]
[Black "Jankovsky, Josef"]
[Result "0-1"]
[WhiteElo "1581"]
[BlackElo "1594"]
[PlyCount "62"]
[EventDate "2013.01.18"]
[EventType "swiss"]
[EventRounds "9"]
[EventCountry "CZE"]
[SourceTitle "EXT 2014"]
[Source "ChessBase"]
[SourceDate "2013.11.20"]
[SourceVersion "1"]
[SourceVersionDate "2013.11.20"]
[SourceQuality "1"]

1. Nf3 Nf6 2. g3 c6 3. d3 d5 4. Bg2 g6 5. c3 Bg7 6. Nbd2 0-0 7. Qc2 Nbd7 8. 0-0 Re8 9. Re1 e5 10. e4 Nb6 11. Nb3 Ng4 12. h3 Nf6 13. Bd2 Qe7 14. a3 Nfd7 15. d4 Qf8 16. Qc1 Nc4 17. Be3 Nxe3 18. Qxe3 dxe4 19. Nfd2 exd4 20. Nxd4 Nc5 21. Rab1 Bh6 22. Qe2 Bd7 23. b4 Nd3 24. Red1 Qe7 25. Nxe4 Ne5 26. Nc5 Bf5 27. Nxf5 gxf5 28. Qg4+ fxg4 29. hxg4 Nxg4 30. Ne4 Rad8 31. Re1 f5 0-1